[Event "TUR-chT 1st League"]
[Site "Konya"]
[Date "2018.07.20"]
[Round "7.7"]
[White "Duman, Necdet"]
[Black "Koc, Dogan Mehmet"]
[Result "1/2-1/2"]
[WhiteElo "1846"]
[BlackElo "1799"]
[PlyCount "83"]
[EventDate "2018.07.16"]
[EventType "team-swiss"]
[EventRounds "9"]
[EventCountry "TUR"]
[SourceTitle "EXT 2019"]
[Source "ChessBase"]
[SourceDate "2018.10.10"]
[SourceVersion "1"]
[SourceVersionDate "2018.10.10"]
[SourceQuality "1"]
[WhiteTeam "Boranlar Mersin Toyota"]
[BlackTeam "Malatya Yesilyurt"]
[WhiteTeamCountry "TUR"]
[BlackTeamCountry "TUR"]

1. e4 d6 2. d3 g6 3. Nf3 Bg7 4. Be2 e5 5. Nbd2 c5 6. a4 Nc6 7. 0-0 Nge7 8. c3 0-0 9. Ne1 d5 10. g3 Bh3 11. Ng2 Kh8 12. Bg4 Bxg4 13. Qxg4 d4 14. Qe2 b6 15. c4 Qd7 16. Nb3 a5 17. f4 f5 18. fxe5 Nxe5 19. Bf4 Rae8 20. Nd2 N7c6 21. b3 Nb4 22. Bxe5 Rxe5 23. Nf3 Re7 24. Nd2 Rfe8 25. Rae1 Nc2 26. Rc1 Ne3 27. Rfe1 Nxg2 28. Qxg2 Bh6 29. Rc2 Qb7 30. Nf3 fxe4 31. dxe4 Rxe4 32. Rce2 Rxe2 33. Rxe2 Be3+ 34. Kh1 Rf8 35. Ng1 Qe7 36. Nh3 d3 37. Re1 Qe5 38. Nf4 Re8 39. Nxd3 Qc3 40. Qf1 Qd4 41. Nf4 Kg7 42. Nd5 1/2-1/2

[Event "TUR-chT 1st League"]
[Site "Konya"]
[Date "2018.07.19"]
[Round "5.7"]
[White "Baylav, Can"]
[Black "Koc, Dogan Mehmet"]
[Result "1-0"]
[WhiteElo "2059"]
[BlackElo "1799"]
[PlyCount "91"]
[EventDate "2018.07.16"]
[EventType "team-swiss"]
[EventRounds "9"]
[EventCountry "TUR"]
[SourceTitle "EXT 2019"]
[Source "ChessBase"]
[SourceDate "2018.10.10"]
[SourceVersion "1"]
[SourceVersionDate "2018.10.10"]
[SourceQuality "1"]
[WhiteTeam "Varyant Genclik"]
[BlackTeam "Malatya Yesilyurt"]
[WhiteTeamCountry "TUR"]
[BlackTeamCountry "TUR"]

1. e4 c6 2. d4 d5 3. exd5 cxd5 4. c4 Nf6 5. Nc3 Nc6 6. Bg5 e6 7. Nf3 Be7 8. c5 0-0 9. Bd3 Nd7 10. Bxe7 Qxe7 11. 0-0 b6 12. Bb5 Bb7 13. b4 bxc5 14. Bxc6 Bxc6 15. dxc5 Rab8 16. Rb1 Ba8 17. Qd2 Qf6 18. Rfc1 Rfc8 19. Rb3 Qg6 20. Kh1 Qg4 21. h3 Qh5 22. Ne2 e5 23. Ng3 Qg6 24. Nh4 Qf6 25. Nhf5 e4 26. Nd6 Rc7 27. f3 Qe5 28. fxe4 dxe4 29. Ngf5 Nf8 30. Rg3 Ne6 31. Rf1 f6 32. Qf2 Kf8 33. a3 a5 34. Nc4 Qd5 35. Nxa5 Rd8 36. Nd6 Rxd6 37. cxd6 Qxd6 38. b5 Nc5 39. Nc4 Qe6 40. Qd4 Nd7 41. Nd6 Rc2 42. b6 e3 43. b7 Bxb7 44. Nxb7 e2 45. Re1 Qc6 46. Qd6+ 1-0

[Event "TUR-chT 1st League"]
[Site "Konya"]
[Date "2018.07.19"]
[Round "6.9"]
[White "Koc, Dogan Mehmet"]
[Black "Kucukkilinc, Berat Osman"]
[Result "1-0"]
[WhiteElo "1799"]
[BlackElo "1300"]
[PlyCount "115"]
[EventDate "2018.07.16"]
[EventType "team-swiss"]
[EventRounds "9"]
[EventCountry "TUR"]
[SourceTitle "EXT 2019"]
[Source "ChessBase"]
[SourceDate "2018.10.10"]
[SourceVersion "1"]
[SourceVersionDate "2018.10.10"]
[SourceQuality "1"]
[WhiteTeam "Malatya Yesilyurt"]
[BlackTeam "Karman Masterler"]
[WhiteTeamCountry "TUR"]
[BlackTeamCountry "TUR"]

1. e4 d5 2. Nc3 Nf6 3. e5 Nfd7 4. d4 e6 5. Nce2 c5 6. c3 Nc6 7. Nf3 b6 8. g3 Bb7 9. Bg2 Qc7 10. 0-0 Be7 11. Be3 0-0 12. Nd2 f6 13. f4 fxe5 14. fxe5 Rxf1+ 15. Bxf1 Ncxe5 16. Bf4 Qc6 17. Bxe5 Nxe5 18. dxe5 d4 19. Nf4 Qh1+ 20. Kf2 Qxh2+ 21. Bg2 Bxg2 22. Nxg2 Bg5 23. Qh1 Rf8+ 24. Nf3 Be3+ 25. Ke2 Qxg3 26. Nxe3 dxe3 27. Rf1 Qf4 28. Qh4 Qf5 29. Kxe3 h6 30. Qe4 Qh3 31. Rg1 g5 32. Qg4 Qxg4 33. Rxg4 Kg7 34. Rg2 Kg6 35. Rf2 Rf4 36. Nd2 Kf5 37. Rh2 Kg6 38. b3 b5 39. c4 a6 40. cxb5 axb5 41. Nf3 Rg4 42. Rc2 c4 43. bxc4 bxc4 44. Nd4 Rh4 45. Rxc4 Rh3+ 46. Ke4 Ra3 47. Rc6 Rxa2 48. Rxe6+ Kh5 49. Rf6 g4 50. e6 Ra1 51. Ke3 Re1+ 52. Ne2 Kg5 53. e7 Kxf6 54. e8Q Kg5 55. Qe5+ Kg6 56. Qd6+ Kg5 57. Qf4+ Kh5 58. Qf5+ 1-0

[Event "TUR-chT 2nd League"]
[Site "Konya"]
[Date "2017.07.18"]
[Round "3.1"]
[White "Uyanik, Ulas"]
[Black "Koc, Dogan Mehmet"]
[Result "1-0"]
[WhiteElo "1861"]
[BlackElo "1712"]
[PlyCount "61"]
[EventDate "2017.07.17"]
[EventType "team-swiss"]
[EventRounds "9"]
[EventCountry "TUR"]
[SourceTitle "CBM 179 Extra"]
[Source "ChessBase"]
[SourceDate "2017.08.23"]
[SourceVersion "1"]
[SourceVersionDate "2017.08.23"]
[SourceQuality "1"]
[WhiteTeam "Istanbul Moda"]
[BlackTeam "Malatya Yesilyurt"]
[WhiteTeamCountry "TUR"]
[BlackTeamCountry "TUR"]

1. c4 c6 2. Nf3 d5 3. b3 Nf6 4. Bb2 Bf5 5. d3 e6 6. Nbd2 Bd6 7. Qc2 Nbd7 8. cxd5 exd5 9. g3 0-0 10. Bg2 Re8 11. Nd4 Bg6 12. 0-0 Bc5 13. N2f3 Qb6 14. a3 a5 15. Bc3 Bxd4 16. Bxd4 c5 17. Bxf6 Nxf6 18. Nh4 Qd6 19. Nxg6 hxg6 20. e4 a4 21. bxa4 g5 22. exd5 Ra5 23. Rab1 b6 24. Qb3 Nd7 25. Rfe1 Rea8 26. Bh3 Rxa4 27. Bxd7 Qxd7 28. Qxb6 Qxd5 29. Rbc1 Rxa3 30. Rxc5 Qd4 31. Rc8+ 1-0